<?xml version="1.0" encoding="UTF-8"?>
<collection xmlns="http://www.loc.gov/MARC21/slim">
 <record>
  <leader>01582nma a2200217 a 4500</leader>
  <controlfield tag="001">1/33160</controlfield>
  <controlfield tag="008">041203t2002    gr     g   ia       eng  </controlfield>
  <datafield tag="020" ind1=" " ind2=" ">
   <subfield code="a">9608191122</subfield>
  </datafield>
  <datafield tag="035" ind1=" " ind2=" ">
   <subfield code="l">35568</subfield>
  </datafield>
  <datafield tag="040" ind1=" " ind2=" ">
   <subfield code="a">GR-PeUP</subfield>
  </datafield>
  <datafield tag="082" ind1="0" ind2="0">
   <subfield code="a">DVD-ROM 708.938 ΜΥΚ</subfield>
  </datafield>
  <datafield tag="245" ind1="0" ind2="0">
   <subfield code="a">Mykonos - Delos a voyage to the centre of the Cyclades = Μύκονος - Δήλος ένα ταξίδι στο κέντρο των Κυκλάδων :</subfield>
   <subfield code="h">[interactive multimedia].</subfield>
  </datafield>
  <datafield tag="260" ind1="0" ind2=" ">
   <subfield code="a">Αθήνα :</subfield>
   <subfield code="b">Ινστιτούτο Επεξεργασίας του Λόγου,</subfield>
   <subfield code="c">[2002].</subfield>
  </datafield>
  <datafield tag="300" ind1=" " ind2=" ">
   <subfield code="a">1 οπτικό δίσκο :</subfield>
   <subfield code="b">εγχρ. ;</subfield>
   <subfield code="c">4/3 in.</subfield>
  </datafield>
  <datafield tag="520" ind1=" " ind2=" ">
   <subfield code="a">Το πρόγραμμα &quot;Μύκονος-Δήλος&quot; απευθύνεται στους άοκνους ταξιδευτές της Ελλάδας που επιθυμούν να ανακαλύψουν την άλλη όψη των νησιών: τη Μύκονο πίσω από το επιμελώς διαμορφωμένο τουριστικό θέρετρο και την &quot;άδηλη&quot; Δήλο μέσα από τις ρωγμές των μνημείων της.</subfield>
  </datafield>
  <datafield tag="538" ind1=" " ind2=" ">
   <subfield code="a">Απαιτήσεις συστήματος: Windows 98/2000/Me/ XP.</subfield>
  </datafield>
  <datafield tag="650" ind1=" " ind2="4">
   <subfield code="a">CD-ROMs.</subfield>
  </datafield>
  <datafield tag="650" ind1=" " ind2="4">
   <subfield code="a">Δήλος</subfield>
   <subfield code="x">Αρχαιότητες</subfield>
   <subfield code="x">Οδηγοί.</subfield>
  </datafield>
  <datafield tag="650" ind1=" " ind2="4">
   <subfield code="a">Μύκονος</subfield>
   <subfield code="x">Αρχαιότητες</subfield>
   <subfield code="x">Οδηγοί.</subfield>
  </datafield>
  <datafield tag="710" ind1="2" ind2=" ">
   <subfield code="a">Ινστιτούτο Επεξεργασίας του Λόγου.</subfield>
  </datafield>
  <datafield tag="852" ind1=" " ind2=" ">
   <subfield code="a">INST</subfield>
   <subfield code="b">UNIPILB</subfield>
   <subfield code="c">MMEDIA</subfield>
   <subfield code="e">20070824</subfield>
   <subfield code="h">DVD-ROM 708.938 ΜΥΚ</subfield>
   <subfield code="p">00153177</subfield>
   <subfield code="q">00153177</subfield>
   <subfield code="t">NOLOAN</subfield>
   <subfield code="y">23</subfield>
   <subfield code="4">1</subfield>
  </datafield>
 </record>
</collection>
